Les fètes de Rome. Canonisation des saints martys du Japón et de Saint Michel de Sanctis

Detalles Bibliográficos
Autor principal: CHANTREL, J.
Formato: Libro
Publicado: París 1862
Edición:2a.ed.
Materias:
Colección:Banco de datos
Acervo:Biblioteca Nacional de Antropología e Historia. Fondo Conventual
Tema general:Homilética
Notas:Buena. Impreso por W. Remquet, Goupy y Cía. XIX, 3,5.
LEADER 00724nam a22002050004500
035 |a 8320 
036 |a 2925 
100 1 |a CHANTREL, J. 
245 1 0 |a Les fètes de Rome. Canonisation des saints martys du Japón et de Saint Michel de Sanctis 
250 |a 2a.ed. 
260 |a París  |b Víctor Palme  |c 1862 
500 |a Buena. Impreso por W. Remquet, Goupy y Cía. XIX, 3,5. 
650 1 0 |a Homilética 
949 |a B.N.A.H. 
959 |a Biblioteca Nacional de Antropología e Historia. Ciudad de México  |b CCC1 
960 |a Seminario de Morelia  |b DD56 
961 |a Casa de formación del Clero Secular  |b CS 
942 |c B.N.A.H. 
943 |g Biblioteca Nacional de Antropología e Historia. Fondo Conventual 
999 |c 1032852  |d 1032852